| 000 | 00727nam a2200193Ia 4500 | ||
|---|---|---|---|
| 003 | GCL | ||
| 008 | 140319s9999 xx 000 0 ara d | ||
| 040 |
_aGCL / _cGCL |
||
| 082 | 0 | 4 |
_a213 _bش ا |
| 100 | 1 | _aشتيبات، فريتس | |
| 245 | 1 | 0 |
_aالاسلام شريكآ ( عالم المعرفة 302 ) : _bدراسات عن الاسلام والمسلمين / _cشتيبات، فريتس |
| 260 |
_aالكويت : _bالمجلس الوطنى للثقافة والفنون والاداب ، _c2004 |
||
| 300 |
_a216 ص ؛ _c20 سم |
||
| 490 |
_aعالم المعرفة _v302 |
||
| 650 | 0 | 4 | _aالاسلام |
| 650 | 0 | 4 | _aالاسلام والاصلاح الدينى |
| 650 | 0 | 4 | _aالعلمانيون |
| 942 |
_2ddc _cBK |
||
| 999 |
_c6792 _d6792 |
||